[Event "Gonzaga Classic Masters 2020"]
[Site "Dublin/"]
[Date "2020.01.25"]
[Round "1.1"]
[White "Lupulescu, Constantin"]
[Black "Murray, David"]
[Result "1-0"]
[WhiteElo "2649"]
[BlackElo "2140"]
[Annotator "TA"]
[PlyCount "109"]
[EventDate "2020.01.24"]
[EventType "swiss"]
[EventCountry "IRL"]
[SourceTitle "playchess.com"]
[Source "ChessBase"]
[SourceQuality "1"]

{[%evp 16,109,25,31,33,21,50,20,68,24,30,8,1,3,52,45,92,85,69,55,145,154,154,83,102,56,100,8,9,14,15,13,38,43,84,98,89,87,212,204,222,222,227,206,230,203,197,193,240,196,200,177,213,193,212,212,214,214,224,216,256,255,301,252,334,273,284,274,272,275,281,275,1703,1574,788,1521,1513,1349,1170,1308,1629,1237,29958,29961,29954,29942,8177,6211,5183,3206,29970,29971,29982,29983,29983,29971]} 1. e4 c5 2. Nf3 e6 3. d4 cxd4 4. Nxd4 Nc6 5. Nc3 Qc7 6. Be3 a6 7. a3 b5 8. Nxc6 Qxc6 9. Be2 Bb7 {B49: Sicilian: Taimanov: 5 Nc3 Qc7 6 Be3 a6 7 Be2} 10. O-O (10. Qd2 Be7 11. O-O Bf6 12. Bd4 Qd6 13. Rfd1 Qxd4 14. Qxd4 Bxd4 15. Rxd4 Ne7 16. Rad1 Bc6 17. f3 {0-1 (44) Schroeder,J (2571)-Rapport,R (2726) Germany 2019}) 10... Ne7 11. f4 Ng6 $146 {The position is equal.} ({Predecessor:} 11... Nf5 12. Bf2 Bc5 13. Qd3 Rd8 14. Rad1 h5 15. Kh1 h4 16. Bxc5 Ng3+ 17. hxg3 hxg3+ 18. Kg1 Qxc5+ 19. Qd4 Qe7 20. Bg4 f5 21. Bh3 {1-0 (21) Sammed Jaykumar,S (2392)-Rahul,S (2460) New Delhi 2019}) 12. Qd2 Bc5 13. Bxc5 Qxc5+ 14. Kh1 Qc7 15. Rad1 $36 {[%mdl 2048] White is pushing.} Bc6 16. f5 Ne5 17. Qg5 h6 (17... O-O $14) 18. Qxg7 $16 O-O-O 19. fxe6 (19. Qf6 $142) 19... fxe6 20. Qe7 {aiming for a4.} h5 21. Qd6 (21. Qc5 $16) 21... Qxd6 $11 22. Rxd6 Kc7 23. Rd4 Rh6 24. a4 {[%cal Ra4b5]} Kb6 25. axb5 axb5 26. Nxb5 Ng4 ({Don't go for} 26... Bxb5 $2 27. Rb4 $18) (26... Rb8 $16) 27. Nd6 $18 {Black must now prevent Nf7.} Ra8 28. Nc4+ Kc7 29. Kg1 Rg8 30. Bxg4 hxg4 31. Ne5 Rg7 32. Nxc6 Kxc6 {[%mdl 4096] Endgame KRR-KRR} 33. g3 Rh5 34. Ra1 Rgh7 35. Rd2 Kb7 36. Ra4 Kc6 37. Rc4+ Kb6 {[#]} 38. e5 $1 Rg7 (38... Rxe5 39. Rxg4) 39. Re2 {Re3 is the strong threat.} Kb5 40. b3 Kb6 41. Ree4 Rgh7 42. Rxg4 Rxh2 43. Rh4 R7xh4 $2 {[#]} (43... R2xh4 44. gxh4 Rh5) 44. gxh4 {KR-KR} Re2 45. h5 Rxe5 46. Rh4 Rg5+ 47. Kf2 Rc5 48. c4 Ka5 49. h6 Rc8 50. h7 Rh8 51. Ke3 Kb4 52. Kf4 Kxb3 53. Ke5 {White mates.} Kc3 54. c5 Kd3 55. Kd6 {Accuracy: White = 53%, Black = 26%.} 1-0

[Event "Gonzaga Classic Masters 2020"]
[Site "Dublin/"]
[Date "2020.01.25"]
[Round "1.2"]
[White "Brewer, Callum D"]
[Black "Meier, Georg"]
[Result "0-1"]
[WhiteElo "2134"]
[BlackElo "2629"]
[Annotator "TA"]
[PlyCount "96"]
[EventDate "2020.01.24"]
[EventType "swiss"]
[EventCountry "IRL"]
[SourceTitle "playchess.com"]
[Source "ChessBase"]
[SourceQuality "1"]

{[%evp 16,96,3,-2,3,0,0,0,0,0,0,0,-3,-10,0,-19,-14,-14,-14,-17,-6,-15,-8,-5,0,-17,-16,-18,-14,-16,-10,-17,-7,-12,-14,-24,0,-18,-12,-18,-15,-15,-15,-118,-118,-118,-118,-118,-118,-177,-177,-177,-177,-177,-177,-177,-170,-170,-170,-438,-403,-568,-566,-568,-561,-549,-505,-554,-548,-1121,-1118,-1118,-1065,-1395,-1329,-29968,-29967,-29974,-29974,-29972,-29968,-12842,-2609]} 1. e4 c5 2. c3 Nf6 3. e5 Nd5 4. d4 cxd4 5. Nf3 Nc6 6. cxd4 d6 7. Bc4 dxe5 8. dxe5 Ndb4 9. Qb3 e6 {B22: Sicilian: 2 c3} 10. O-O Na5 11. Qa4+ Bd7 {The position is equal.} 12. Bb5 Bxb5 13. Qxb5+ Nac6 14. Qa4 (14. Nc3 a6 15. Qc4 Qd3 16. Qg4 Qg6 17. Qxg6 hxg6 {0-1 (49) Potapov,P (2516)-Demchenko,A (2679) St Petersburg 2018}) 14... a6 15. a3 b5 16. Qd1 Nd5 $146 ({Predecessor:} 16... Qxd1 17. Rxd1 {½-½ (38) Klewe,W (2303)-Cvak,R (2206) ICCF email 2013}) 17. Bd2 Be7 18. Nc3 O-O 19. Nxd5 Qxd5 20. Bc3 Rfd8 21. Qe2 Qd3 22. Qxd3 Rxd3 23. Rfd1 Rad8 24. Rxd3 Rxd3 25. Kf1 h5 26. Ke2 Rd5 27. Rd1 Rxd1 28. Kxd1 $11 {[%mdl 4096] Endgame KBN-KBN} Kh7 29. Nd4 (29. h3 $11 {keeps the balance.}) 29... Nxd4 $17 ({Much weaker is} 29... Nxe5 $6 30. Nxe6 $1 {[%mdl 512]} Bd6 31. Ng5+ Kg6 32. Ne4 $11) 30. Bxd4 {KB-KB} Kg6 31. Ke2 Kf5 32. g3 (32. Kf3 $17 {was called for.}) 32... Ke4 $19 33. Bc3 Bc5 34. f3+ Kd5 35. Kd3 Bg1 36. h3 g6 37. f4 $2 {[#]} (37. b3) 37... Bh2 $1 38. Be1 {[#]} (38. Ke3 $142 Bxg3 39. Kf3) 38... h4 $1 {[%mdl 512]} 39. g4 (39. gxh4 Bxf4) 39... Bxf4 40. Bxh4 Kxe5 41. b3 f5 42. a4 bxa4 43. bxa4 Kd5 44. Bf2 e5 45. gxf5 gxf5 46. h4 Bh6 47. Bb6 f4 48. Ba7 f3 {Accuracy: White = 38%, Black = 85%.} (48... e4+ $142 49. Kc3 Ke6) 0-1

[Event "Gonzaga Classic Masters 2020"]
[Site "Dublin/"]
[Date "2020.01.25"]
[Round "1.3"]
[White "Tiviakov, Sergei"]
[Black "Jackson, Carl"]
[Result "1-0"]
[WhiteElo "2608"]
[BlackElo "2074"]
[Annotator "TA"]
[PlyCount "39"]
[EventDate "2020.01.24"]
[EventType "swiss"]
[EventCountry "IRL"]
[SourceTitle "playchess.com"]
[Source "ChessBase"]
[SourceQuality "1"]

{[%evp 9,39,63,91,37,97,98,178,134,156,152,161,158,173,182,182,126,184,192,178,169,179,185,190,173,445,440,550,547,818,822,785,785]} 1. e4 Nc6 2. Nf3 f5 3. exf5 d5 4. d4 Bxf5 5. Bb5 e6 6. O-O {B00: Queen's Fianchetto Defence, Nimzowitsch Defence} (6. Ne5 $16) (6. Ne5 Nge7 7. Qh5+ g6 8. Qe2 Bg7 9. Bxc6+ Nxc6 10. Nxc6 bxc6 11. g4 Be4 12. f3 Qh4+ 13. Kd1 {1-0 (28) Bologan,V (2695)-Schneider,I (2515) Mainz 2010}) 6... Bg4 $146 ({Black should play} 6... Bd6 $14) ({Predecessor:} 6... Bd6 7. Re1 Nf6 8. Bxc6+ bxc6 9. Nh4 O-O 10. Nxf5 exf5 11. Nd2 Bxh2+ 12. Kxh2 Ng4+ 13. Kg1 {0-1 (22) Losinska,A (1562)-Kosiba,M (1832) Lazy 2017}) 7. Nbd2 $16 {[%cal Bb1d2,Bd2f3,Bf3e5][%mdl 32]} Qd6 (7... Bd6 $16 {was worth a try.}) 8. Qe1 {White is clearly better.} Bxf3 9. Nxf3 (9. gxf3 a6 $11) 9... Be7 10. Ne5 {[#] And now Bf4 would win.} Bf6 {[%cal Rf6e5]} 11. Bf4 {aiming for Ng6!} Bxe5 12. Qxe5 (12. dxe5 $6 Qd7 $14) ({White should try} 12. Bxe5 $18 Qd7 13. Bxc6 bxc6 14. Qa5) 12... O-O-O (12... Qxe5 $16 13. Bxc6+ (13. dxe5 Nge7 $11) 13... bxc6 14. Bxe5 (14. dxe5 Rb8 $14) 14... Nf6 15. Bxc7 Kf7) 13. Bxc6 $18 ({And not} 13. Qxg7 Qxf4 14. Bxc6 (14. Qxh8 Nf6 $15) 14... Nf6 $15) 13... bxc6 14. Qe3 ({Not} 14. Qxg7 Qxf4 15. Qxh8 Nf6 $11) 14... Qd7 15. Rfe1 Rf8 16. Bg3 Rf6 $2 (16... Ne7 17. Qb3 (17. Qxe6 Nf5 $16) 17... Nf5) 17. Qa3 {White is clearly winning.} Kb8 18. Re3 {[#] White wants to mate with Qa6.} Ne7 19. Rb3+ Ka8 20. Qb4 {Accuracy: White = 62%, Black = 32%.} 1-0

[Event "Gonzaga Classic Masters 2020"]
[Site "Dublin/"]
[Date "2020.01.25"]
[Round "1.4"]
[White "Haque, Muhtarim-Ul"]
[Black "Saric, Ante"]
[Result "1-0"]
[WhiteElo "2045"]
[BlackElo "2559"]
[Annotator "TA"]
[PlyCount "63"]
[EventDate "2020.01.24"]
[EventType "swiss"]
[EventCountry "IRL"]
[SourceTitle "playchess.com"]
[Source "ChessBase"]
[SourceQuality "1"]

{[%evp 16,63,-7,-4,0,0,0,-21,-15,-4,0,0,-14,-16,-5,-82,-39,-41,-58,-63,0,-48,-48,-42,-14,-33,-11,-80,39,-140,-143,-145,1722,1710,1668,1624,29982,29983,29983,29984,29984,29982,29982,29982,29990,29991,29991,29991,29991,29992]} 1. d4 Nf6 2. c4 e6 3. Nc3 Bb4 4. e3 O-O 5. Nf3 d5 6. Bd2 b6 7. Be2 Bb7 8. O-O dxc4 9. Bxc4 a6 {E52: Nimzo-Indian: Rubinstein: 4...0-0 5 Nf3 d5 6 Bd3 b6} (9... Nbd7 10. Qe2 a6 11. Rfd1 b5 12. Bd3 c5 13. Rac1 cxd4 14. Nxd4 Qe7 15. Bb1 Rac8 16. a3 Bd6 17. Na2 Nd5 {0-1 (36) Jakovenko,D (2735)-Giri,A (2783) St Petersburg 2018}) 10. Rc1 Nbd7 {[%cal Bb8d7,Bd7b6,Bb6c4][%mdl 32]} 11. Qe2 b5 {The position is equal.} 12. Bd3 c5 13. Bb1 $146 ({Predecessor:} 13. dxc5 Bxc5 14. Bb1 Qb6 15. a3 Qa7 16. Rfd1 Rac8 17. Ng5 {½-½ (37) Albrecht,R (2102)-Von Wantoch Rekowski,D (2233) Berlin 2012}) 13... cxd4 14. exd4 Nb6 15. Rcd1 (15. Bg5 $11) 15... Rc8 16. Ne5 Nc4 ({Don't go for} 16... Qxd4 $2 17. Bg5 $18) 17. Bg5 Be7 (17... Bxc3 $1 $15 18. bxc3 Qd5 $1 {[%mdl 512]}) 18. Rd3 g6 19. Re1 Nd6 20. Rh3 Re8 (20... b4 $5 {[%cal Rb4c3]} 21. Na4 Nb5 $11) 21. Qd3 (21. a3 $11) 21... b4 (21... Nf5 $17) 22. Nxf7 $2 (22. Rxh7 $1 $14 {was the only good move.} Nxh7 {[#]} 23. Nxf7 $1 {[%mdl 576] Remove Defender, Decoy}) 22... Nxf7 $17 23. Rxh7 Ne4 $2 {[%mdl 8192]} ({Worse is} 23... Nxh7 24. Qxg6+ Kf8 25. Bh6+ Nxh6 26. Qxh6+ Kf7 27. Bg6+ Kg8 28. Qxh7+ Kf8 29. Qh8#) (23... Be4 $17 24. Nxe4 Nxh7) 24. Nxe4 $18 {White wants to mate with Nf6+!} Bxg5 {[#]} 25. Nd6 $1 {[%mdl 576] Double Attack, Discovered Attack} Nh8 {[#]} (25... Qxd6 26. Qxg6+) 26. Rxh8+ $1 {[%mdl 576] Remove Defender, Deflection, Decoy. White mates.} Kxh8 27. Nf7+ {[%mdl 64] Double Attack} Kg7 28. Qxg6+ Kf8 29. Nxd8 Bxd8 30. Qh6+ Kf7 31. Qh7+ Kf8 32. Bg6 {Accuracy: White = 48%, Black = 31%.} 1-0

[Event "Gonzaga Classic Masters 2020"]
[Site "Dublin/"]
[Date "2020.01.25"]
[Round "1.5"]
[White "Turner, Matthew J"]
[Black "Manojlovic, Mihailo"]
[Result "1-0"]
[WhiteElo "2521"]
[BlackElo "2011"]
[Annotator "TA"]
[PlyCount "37"]
[EventDate "2020.01.24"]
[EventType "swiss"]
[EventCountry "IRL"]
[SourceTitle "playchess.com"]
[Source "ChessBase"]
[SourceQuality "1"]

{[%evp 13,37,24,51,41,43,52,43,43,37,8,25,13,41,38,48,35,260,254,2699,2734,2435,369,2409,2424,29997,29998]} 1. d4 Nf6 2. Nf3 g6 3. g3 Bg7 4. Bg2 O-O 5. c4 d6 6. O-O c6 7. Nc3 Bg4 8. Ng5 {E62: King's Indian: Fianchetto: 6...c6 and Panno Variation (6...Nc6) without ...a6} (8. h3 Bxf3 9. Bxf3 Nbd7 10. b3 Re8 11. Qc2 e5 12. Be3 d5 13. cxd5 Nxd5 14. Nxd5 exd4 15. Rad1 dxe3 16. Nxe3 Rxe3 17. fxe3 Qe7 18. Kg2 {½-½ (52) Usmanov,V (2483)-Kamsky,G (2675) St Petersburg 2018}) 8... e5 $146 ({Predecessor:} 8... h6 9. Nge4 Nxe4 10. Nxe4 Qc8 11. Re1 Na6 12. a3 Nc7 13. d5 c5 14. Ra2 b5 {1-0 (56) Bella,Z (1358)-Alshourfaa,H Budapest 2012}) 9. dxe5 dxe5 10. h3 {White is slightly better.} Bc8 11. Be3 Qc7 12. Qc1 Nbd7 13. Rd1 $36 {[%mdl 2048] White has some pressure.} Rd8 14. Qd2 Ne8 $2 {[#]} (14... Bf8 $14) 15. Nd5 $1 $18 {[%mdl 512]} Qb8 $2 (15... cxd5 16. Qxd5 Nd6) 16. Ne7+ Kf8 17. Nxh7+ Kxe7 {[#]} 18. Bc5+ $1 {[%mdl 576] Pin} Ke6 {[#]} (18... Nxc5 19. Qxd8+) 19. Qd5+ $1 {[%mdl 512] Accuracy: White = 83%, Black = 44%.} 1-0

[Event "Gonzaga Classic Masters 2020"]
[Site "Dublin/"]
[Date "2020.01.25"]
[Round "1.6"]
[White "Fox, Anthony"]
[Black "Korneev, Oleg"]
[Result "0-1"]
[WhiteElo "2003"]
[BlackElo "2513"]
[Annotator "TA"]
[PlyCount "54"]
[EventDate "2020.01.24"]
[EventType "swiss"]
[EventCountry "IRL"]
[SourceTitle "playchess.com"]
[Source "ChessBase"]
[SourceQuality "1"]

{[%evp 13,106,-5,22,-1,-12,0,-8,-6,0,0,0,-8,0,0,0,0,0,0,4,0,4,6,0,0,0,0,0,-19,-22,-85,-60,-67,-31,-28,0,-2,-12,-58,-58,-65,-62,-58,-26,-40,-31,-83,-82,-83,-83,-102,-102,-110,-102,-110,-102,-110,-110,-102,-102,-102,-102,-117,-102,-118,-65,-127,-134,-129,-124,-136,-124,-129,-87,-89,-89,-333,-305,-445,-429,-550,-569,-29972,-29974,-29969,-29976,-29975,-29977,-29980,-29981,-29981,-29982,-29982,-29983,-29983,-29984]} 1. e4 c5 2. Nc3 e6 3. g3 d5 4. exd5 exd5 5. d4 cxd4 6. Qxd4 Nf6 7. Bg5 Be7 (7... Nc6 $5 {[%cal Rc6d4]} 8. Bb5 Be7 $11) 8. Bb5+ {B23: Closed Sicilian: Lines without g3} Nc6 9. Bxf6 Bxf6 10. Qc5 $1 {The position is equal.} Bxc3+ 11. bxc3 Qe7+ 12. Qxe7+ Kxe7 13. O-O-O Be6 14. Ne2 Rhd8 15. Rhe1 Kf6 16. Nf4 $146 g5 17. Nxe6 fxe6 18. f4 gxf4 19. gxf4 Ne7 20. Bd3 Rac8 21. Bxh7 (21. Re5 $11) 21... Rh8 22. Bd3 Rxh2 23. Rd2 Rh4 24. Rde2 Rc6 25. c4 (25. Bb5 $5 {[%cal Rb5c6]} Rd6 26. c4 $15) 25... Rxf4 26. cxd5 Nxd5 27. Rh2 Rb6 {Played: Nd5-b4} 0-1

[Event "Gonzaga Classic Masters 2020"]
[Site "Dublin/"]
[Date "2020.01.25"]
[Round "1.7"]
[White "Collins, Sam E."]
[Black "Suleiman AlMousa"]
[Result "1-0"]
[WhiteElo "2446"]
[BlackElo "1997"]
[Annotator "TA"]
[PlyCount "83"]
[EventDate "2020.01.24"]
[EventType "swiss"]
[EventCountry "IRL"]
[SourceTitle "playchess.com"]
[Source "ChessBase"]
[SourceQuality "1"]

{[%evp 24,83,0,-18,0,0,0,0,0,0,10,0,0,0,-49,-48,-48,-54,-54,-56,81,70,85,85,95,77,292,310,371,362,377,367,327,303,329,305,304,299,484,470,750,751,716,695,29990,1345,1345,1328,1328,1304,1213,1159,1123,1129,1500,1434,1170,1012,4734,4574,2272,2039]} 1. c4 c5 2. Nf3 Nf6 3. Nc3 e6 4. e3 Be7 5. d4 cxd4 6. exd4 d5 7. cxd5 Nxd5 8. Bd3 O-O 9. O-O Nc6 10. Re1 Nf6 11. a3 b6 12. Bc2 Ba6 13. b4 {[#] aiming for b5.} Bc4 {D42: Queen's Gambit Declined: Semi-Tarrasch: 5 cxd5 Nxd5 6 e3 Nc6 7 Bd3} 14. b5 Na5 15. Ne5 Rc8 {The position is equal.} 16. Re3 Bd6 17. Rh3 ({Better is} 17. Rg3 $11) 17... Bxe5 $1 $15 18. dxe5 {Threatens to win with Bd2.} Qxd1+ 19. Nxd1 Be2 $146 ({Predecessor:} 19... Bxb5 20. Nc3 Rxc3 21. Rxc3 {1-0 (32) Dizdar,G (2470)-Laketic,G (2425) Kladovo 1990}) 20. Ne3 Rfd8 21. f3 {[#]} Nd5 (21... Rxc2 $1 $15 {[%mdl 512] stays ahead.} 22. Nxc2 Nb3) 22. Bxh7+ $16 Kf8 {And now ...Nf4 would win.} 23. Nxd5 Rxd5 24. Bf4 $36 {[%mdl 2048] Strongly threatening Bd3! White is really pushing.} Rc3 $2 (24... Ke7 $16) 25. Be4 $18 Rxb5 26. Rh8+ Ke7 {If only Black now had time for ...Nc4....} 27. Bg5+ Kd7 28. Rh7 Nc4 29. Rxg7 Nxe5 30. Bf6 Ke8 $2 (30... Rbc5 31. Re1 Bd3 32. Bxe5 (32. Bxd3 Nxd3 33. Bxc3 Rxc3 $18) 32... Rxe5) 31. Re1 Bxf3 (31... Bd3 $142 32. Rg8+ Kd7 33. Bxd3 Nxd3 34. Bxc3 Nxe1 35. Bxe1 Rb1) 32. gxf3 Nxf3+ 33. Kf2 Rxa3 34. Rg8+ (34. Rc1 $142 Rb2+ 35. Bxb2 Ng5 36. Rg8+ Ke7 37. Bxa3+ Kf6 38. Ke3 e5 39. Rc7) 34... Kd7 {White is clearly winning.} 35. Rd8+ Kc7 36. Rc1+ Rc5 37. Rxc5+ bxc5 38. Bxf3 c4 39. Rd4 Ra2+ 40. Be2 Kc6 41. Rxc4+ Kd5 42. Rd4+ {Accuracy: White = 81%, Black = 25%.} 1-0

[Event "Gonzaga Classic Masters 2020"]
[Site "Dublin/"]
[Date "2020.01.25"]
[Round "1.8"]
[White "Nolan, Conor"]
[Black "Greet, Andrew N"]
[Result "0-1"]
[WhiteElo "1922"]
[BlackElo "2425"]
[Annotator "TA"]
[PlyCount "54"]
[EventDate "2020.01.24"]
[EventType "swiss"]
[EventCountry "IRL"]
[SourceTitle "playchess.com"]
[Source "ChessBase"]
[SourceQuality "1"]

{[%evp 9,54,35,13,10,28,9,12,-53,-55,-40,-43,-68,-72,-78,-49,-70,-64,-137,-135,-127,-127,-111,-86,-147,-139,-146,-156,-155,-157,-158,-157,-157,-96,-93,-91,-156,-165,-258,-256,-244,-250,-259,-252,-249,-261,-471,-466]} 1. d4 d5 2. Nf3 Nf6 3. c4 e6 4. Nc3 Bb4 5. Qb3 c5 6. Bg5 {D38: Queen's Gambit Declined: Ragozin Defence (4 Nf3 Bb4)} (6. dxc5 Nc6 7. Bg5 Qa5 8. Bxf6 dxc4 9. Qxc4 gxf6 10. Rc1 Qxc5 11. Qh4 Ke7 12. g3 Bxc3+ 13. Rxc3 Qb4 14. Qxb4+ Nxb4 {½-½ (37) Fedoseev,V (2677)-Vidit,S (2721) Moscow 2019}) 6... Nc6 (6... Nbd7 {seems wilder.} 7. cxd5 exd5 8. Bxf6 Nxf6 9. dxc5 Qa5) 7. cxd5 (7. dxc5 {is more complex.} Qa5 8. Bxf6 dxc4 9. Qxc4 gxf6 10. O-O-O) 7... Qxd5 $146 ({Predecessor:} 7... exd5 8. a3 c4 9. Qc2 Ba5 10. e3 h6 11. Bxf6 Qxf6 12. Be2 Bf5 13. Qc1 O-O {1-0 (22) Garcia Rodriguez,P (1777)-Rodriguez Vera,G (2146) Tenerife 2008}) 8. Bxf6 ({White should play} 8. Qxb4 $1 $11 Nxb4 9. Nxd5 exd5 10. Bxf6) 8... Qxb3 $15 9. axb3 gxf6 10. e3 cxd4 11. exd4 Ke7 12. Bc4 Rd8 13. Rd1 {[#]} (13. O-O-O $15) 13... a6 $1 $17 14. O-O b5 15. Be2 Bb7 16. Rd3 (16. d5 $142 Ne5 17. Nd4) 16... Ba5 17. Rfd1 Nb4 18. R3d2 Rac8 19. Ra1 Bb6 20. Rad1 Rd7 (20... Rc7 $142 21. Ne1 Nd5 22. Nxd5+ Bxd5) 21. Ne1 Nd5 22. Na2 ({Better is} 22. Rc2) 22... Ba5 23. b4 (23. Rc2 {was called for.}) 23... Nxb4 $19 24. Nxb4 Bxb4 25. Rd3 Bxe1 26. Rxe1 Rc2 27. Rh3 $2 {[#]} (27. b3) 27... Rxd4 {Accuracy: White = 35%, Black = 88%.} 0-1

[Event "Gonzaga Classic Masters 2020"]
[Site "Dublin/"]
[Date "2020.01.25"]
[Round "1.9"]
[White "Lalic, Bogdan"]
[Black "Casey, Eoghan"]
[Result "1-0"]
[WhiteElo "2402"]
[BlackElo "1974"]
[Annotator "TA"]
[PlyCount "47"]
[EventDate "2020.01.24"]
[EventType "swiss"]
[EventCountry "IRL"]
[SourceTitle "playchess.com"]
[Source "ChessBase"]
[SourceQuality "1"]

{[%evp 9,57,58,64,66,68,51,113,113,93,74,102,97,89,44,85,83,91,82,219,93,81,83,93,113,112,54,136,138,166,150,465,350,789,774,755,772,757,752,827,829,800,777,1031,1000,956,964,970,664,29997,29998]} 1. d4 g6 2. c4 Bg7 3. e4 b6 (3... d6 4. Nc3 Nf6 5. f3 O-O 6. Be3 Nc6 7. Nge2 a6 8. Qd2 Bd7 9. g4 b5 10. h4 h5 11. g5 Ne8 12. cxb5 Na5 13. bxa6 Nc4 14. Qc1 Nxe3 15. Qxe3 c6 16. f4 Qb6 {1-0 (32) Duda,J (2758)-Guseinov,G (2666) Moscow 2019}) 4. Nc3 Bb7 5. Nf3 e6 6. Bd3 {A40: Unusual replies to 1 d4} Ne7 7. O-O d5 (7... O-O $14) 8. cxd5 {White is better.} exd5 9. e5 $146 ({Predecessor:} 9. exd5 O-O 10. Bf4 Nxd5 11. Bg3 Nc6 12. Be4 Nxc3 13. bxc3 {1-0 (44) Cruz,A-Bermudez,H Albania 2010}) 9... O-O 10. Re1 c5 11. Nb5 Bc6 {aiming for ...c4.} 12. Nd6 Nc8 13. Bg5 Qd7 (13... Qc7 $16) 14. Nxc8 (14. dxc5 $18 {has better winning chances. Qc2 is the strong threat.} bxc5 15. Nxc8 Rxc8 16. Rc1) 14... Rxc8 $16 15. Qd2 $36 {[%mdl 2048] White has strong initiative.} c4 16. Bc2 Na6 17. h3 (17. e6 $16 fxe6 18. Ne5) 17... Nc7 {[#]} (17... Ba4 $14) 18. Nh2 $1 Ne6 {[#]} 19. Bh6 $1 Bxh6 $2 (19... Kh8 $16 {is a better chance.}) 20. Qxh6 $18 {Strongly threatening Ng4.} Nxd4 $2 (20... Nf8 21. Ng4 Qe7 22. Nf6+ Kh8) 21. Ng4 Qxg4 22. hxg4 Nxc2 23. f4 Bd7 {[#]} 24. Kf2 {Played: f4-f5} 1-0

[Event "Gonzaga Classic Masters 2020"]
[Site "Dublin/"]
[Date "2020.01.25"]
[Round "1.10"]
[White "Cafolla, Peter"]
[Black "Margolin, Boris"]
[Result "0-1"]
[WhiteElo "1915"]
[BlackElo "2396"]
[Annotator "TA"]
[PlyCount "46"]
[EventDate "2020.01.24"]
[EventType "swiss"]
[EventCountry "IRL"]
[SourceTitle "playchess.com"]
[Source "ChessBase"]
[SourceQuality "1"]

{[%evp 9,114,16,54,-19,-3,-179,-63,-142,-97,-229,-234,-206,-216,-227,-230,-270,-120,-197,-201,-231,-247,-354,-365,-492,-497,-625,-562,-560,-565,-709,-720,-695,-458,-449,-428,-439,-461,-469,-353,-385,-362,-375,-368,-324,-306,-389,-261,-320,-241,-323,-200,-199,-183,-185,-185,-237,-230,-271,-270,-250,-110,-462,-260,-282,-272,-265,-258,-235,-236,-265,-218,-218,-185,-187,-162,-348,0,-113,-135,-418,-222,-259,-157,-304,-309,-283,-314,-281,-231,-237,-227,-231,-233,-222,-164,-144,-106,-447,-428,-393,-258,-262,-221,-402,-378,-1451,-1372]} 1. d4 Nf6 2. c4 d6 3. Nc3 c6 4. e4 Nbd7 5. f4 e5 6. fxe5 {A53: Old Indian Defence without Nf3} (6. Be3 $14) 6... dxe5 $11 7. d5 $2 (7. dxe5 $11 {and White has nothing to worry.} Nxe5 8. Qxd8+ Kxd8 9. Nf3) (7. dxe5 Nxe5 8. Qxd8+ Kxd8 9. Bf4 Bd6 10. c5 Nd3+ 11. Bxd3 Bxf4 12. Nf3 {0-1 (26) Nadj Hedjesi,B (2400)-Nomin Erdene,D (2430) Kecskemet 2015}) 7... Bc5 (7... Bb4 $19 8. Qc2 Nc5) 8. Be2 $146 ({White should play} 8. Bd3 $15) ({Predecessor:} 8. Qf3 Nf8 9. h3 Qb6 10. Nge2 h5 11. g3 Ng6 12. b3 Bd4 13. Na4 Qb4+ {0-1 (32) Miksatko,M-Hadzala,D (2133) Prague 2005}) 8... O-O 9. Qd3 (9. Nf3 $17 {was worth a try.}) 9... Bd4 $19 10. Nf3 Nc5 11. Qc2 Bxc3+ 12. Qxc3 Nfxe4 (12... Ncxe4 $19 13. Qb4 a5) 13. Qxe5 (13. Qa3 $17) 13... Qa5+ $1 14. Kf1 Bd7 15. Bf4 (15. Qd4 $142) 15... Rfe8 16. Qh5 cxd5 17. a3 Nf6 18. Qh4 dxc4 19. Bd2 Qb6 20. Bc3 Nce4 21. Bd4 Qe6 {And now ...Nd2+! would win.} 22. Re1 b5 23. Bd1 Qd6 {Played: Qe6-f5} 0-1